00474cam a2200181 a 4500001000800000005001700008008004100025010001700066020002800083040001800111041000800129080001800137082002200155100000700177101000800184245004600192504005400238494395420180917033756.0960417s1996 nyu b 000 0 eng  a 96020142  a0874778484 (alk. paper) aDLCcDLCdDLC aeng a808.06692 ALB00a808.06692 ALB2201 a21 aGJL10aWriting from life :cSusan Wittig Albert. aIncludes bibliographical references (p. 231-233).